| 000 | 00728 a2200229 4500 | ||
|---|---|---|---|
| 005 | 20240430155749.0 | ||
| 010 | _aB-758822 | ||
| 020 |
_a9780803957558 _c900.00 |
||
| 035 | _aB-758822 | ||
| 037 | _bGift/Unesco | ||
| 082 | _a303.4833 | ||
| 100 |
_aMason, Richard O. _965267 |
||
| 245 |
_aEthics of Information Management/ _cRichard O. Mason, Florence M. Mason [and] Mary J. Culnan |
||
| 260 |
_aNew Delhi _bSaga Publication _c1995 |
||
| 270 | _aNew Delhi | ||
| 300 |
_a327p.; _c23cm. (HB) _bIndex |
||
| 500 | _aIndex | ||
| 700 |
_aMason , Florence M. _965268 |
||
| 700 |
_aCulnan, Mary J. _965269 |
||
| 942 |
_adpl _cEN _2ddc _h303.4833 _mMAS |
||
| 999 |
_c202436 _d202436 |
||